[Event "I Weekend Croce di Magara"]
[Site "Camigliatello - Spezzano della Sila ITA"]
[Date "2005.09.10"]
[Round "2"]
[White "Paletta, Giuseppe"]
[Black "Cordi', Domenico"]
[Result "0-1"]
[WhiteElo "1715"]
[BlackElo "2086"]
[PlyCount "84"]
[EventDate "2005.09.10"]

1. d4 Nf6 2. c4 g6 3. Nf3 Bg7 4. Nc3 O-O 5. e4 d6 6. Be2 e5 7. d5 Ne8 8. Be3 f5
9. Bg5 Qd7 10. Qd2 f4 11. O-O-O h6 12. h4 hxg5 13. hxg5 Qe7 14. Rh4 Na6 15.
Rdh1 c6 16. Rh7 Nec7 17. R1h4 cxd5 18. cxd5 Bd7 19. Qe1 b5 20. Qh1 b4 21. R4h6
Be8 22. Nd1 Nc5 23. Rh8+ Kf7 24. R8h7 Rg8 25. Nh4 f3 26. Rxg6 Kf8 27. Bxf3 Nd3+
28. Kd2 Nf4 29. Rf6+ Bxf6 30. Rxe7 Bxe7 31. g3 Ng6 32. Nxg6+ Bxg6 33. Ne3 Bxg5
34. Qh3 Nb5 35. Qd7 Nd4 36. Bg2 Rd8 37. Qb7 Rh8 38. Kd3 a5 39. f4 Be7 40. Qb6
Be8 41. Qxa5 Bb5+ 42. Kd2 Rh2 0-1

[Event "I Weekend Croce di Magara"]
[Site "Camigliatello - Spezzano della Sila ITA"]
[Date "2005.09.10"]
[Round "2"]
[White "Paragliola, Gennaro"]
[Black "Gad, Alessandro"]
[Result "0-1"]
[WhiteElo "1562"]
[BlackElo "1437"]
[PlyCount "42"]
[EventDate "2005.09.10"]

1. d4 Nf6 2. c4 e6 3. Nc3 Bb4 4. Bg5 b6 5. e3 Bb7 6. Nf3 h6 7. Bh4 g5 8. Bg3
Ne4 9. Qc2 Bxc3+ 10. bxc3 f5 11. Bd3 d6 12. O-O Nd7 13. Nd2 Ndf6 14. h3 Qd7 15.
Bh2 h5 16. f3 Nxd2 17. Qxd2 O-O-O 18. Qe2 g4 19. fxg4 hxg4 20. hxg4 Nxg4 21.
Bf4 Qh7 0-1

[Event "I Weekend Croce di Magara"]
[Site "Camigliatello - Spezzano della Sila ITA"]
[Date "2005.09.10"]
[Round "2"]
[White "Parrotta, Daniele"]
[Black "Rosolia, Giuseppe"]
[Result "0-1"]
[WhiteElo "2159"]
[BlackElo "1829"]
[PlyCount "86"]
[EventDate "2005.09.10"]

1. e4 e5 2. f4 d6 3. Nf3 exf4 4. Bc4 h6 5. b3 Nf6 6. Nc3 Be6 7. Bxe6 fxe6 8. d4
g5 9. Qd3 Qe7 10. Ba3 Ng4 11. Nd1 Qf7 12. h3 Nf6 13. Nf2 Nbd7 14. O-O-O O-O-O
15. Bb2 d5 16. e5 Nh5 17. c4 Nb8 18. cxd5 Rxd5 19. Ne4 Nc6 20. Nc3 Nb4 21. Qc4
Qg6 22. Rd2 Rd8 23. Rhd1 Nd5 24. Nxd5 Rxd5 25. Rc2 Rh7 26. Re1 Qe8 27. Nd2 Ng3
28. Qd3 Rhd7 29. Kb1 Kb8 30. Ne4 Nxe4 31. Qxe4 Bb4 32. Rf1 Rd8 33. h4 Be7 34.
hxg5 hxg5 35. g3 c5 36. gxf4 gxf4 37. Qxf4 cxd4 38. Rd1 d3 39. Rc4 Qh5 40. Rd2
Bg5 41. Qf2 Bxd2 42. Qxd2 Qe2 43. Bc1 Rg8 0-1

[Event "I Weekend Croce di Magara"]
[Site "Camigliatello - Spezzano della Sila ITA"]
[Date "2005.09.10"]
[Round "2"]
[White "Rametta, Marcello"]
[Black "Gangemi, Salvatore"]
[Result "0-1"]
[WhiteElo "1762"]
[BlackElo "2104"]
[PlyCount "82"]
[EventDate "2005.09.10"]

1. e4 e6 2. Nf3 d5 3. exd5 exd5 4. d4 Bg4 5. h3 Bh5 6. Be2 Nf6 7. O-O Be7 8.
Ne5 Bxe2 9. Qxe2 O-O 10. Nd2 c6 11. Ndf3 Ne4 12. c3 Nd7 13. Bf4 Re8 14. Qc2 Nf8
15. Nh2 f6 16. Neg4 Ng6 17. Bd2 Bd6 18. Be1 Bc7 19. f3 Ng3 20. Bxg3 Bxg3 21.
Nf2 Qd6 22. Nhg4 Re7 23. Rae1 Rae8 24. Rxe7 Rxe7 25. Nd3 b6 26. Ngf2 Qe6 27.
Qd2 Qe2 28. Qxe2 Rxe2 29. Nh1 Bd6 30. g3 Rd2 31. Ne1 Rxb2 32. Rf2 Rb1 33. Re2
Kf7 34. Kg2 Rc1 35. Re3 Ne7 36. Kf2 Nf5 37. Rd3 Nxg3 38. Nxg3 Bxg3+ 39. Kxg3
Rxe1 40. Kf2 Ra1 41. Rd2 Rc1 0-1

[Event "I Weekend Croce di Magara"]
[Site "Camigliatello - Spezzano della Sila ITA"]
[Date "2005.09.10"]
[Round "2"]
[White "Salvo, Vincenzo"]
[Black "Romeo, Myriam"]
[Result "1-0"]
[WhiteElo "1682"]
[BlackElo "1476"]
[PlyCount "145"]
[EventDate "2005.09.10"]

1. e4 e5 2. Nf3 Nc6 3. Bb5 Nf6 4. d3 Bc5 5. Bxc6 dxc6 6. Bg5 h6 7. Bh4 Be7 8.
Nxe5 Qd4 9. Nc4 b5 10. c3 Qd7 11. Ne5 Qe6 12. Nf3 g5 13. Bg3 Nh5 14. Bxc7 Qd7
15. Ba5 Nf4 16. O-O Qg4 17. g3 Nh3+ 18. Kh1 Qh5 19. Ne5 Qxd1 20. Rxd1 Nxf2+ 21.
Kg2 Nxd1 22. Nd2 Nxb2 23. Nxc6 Bb7 24. Nb4 Bxb4 25. Bxb4 Nxd3 26. Bd6 Rd8 27.
Ba3 Ne5 28. Nb3 Bxe4+ 29. Kh3 g4+ 30. Kh4 f5 31. Nd4 Rd7 32. Rf1 f4 33. Rxf4
Ng6+ 34. Kxg4 Nxf4 35. Kxf4 Bg6 36. Bb2 Rf8+ 37. Ke5 Re7+ 38. Kd6 Rf6+ 39. Kc5
Re5+ 40. Kb4 a5+ 41. Kxa5 Re7 42. Bc1 b4 43. Kxb4 Rc7 44. Bxh6 Rb6+ 45. Ka5 Rb8
46. Nb5 Rc5 47. a4 Bc2 48. c4 Rxc4 49. Nd6+ Kd7 50. Nxc4 Kc6 51. Bf4 Rb7 52.
Ka6 Rb4 53. Ne5+ Kc5 54. a5 Ra4 55. h4 Kb4 56. Bd2+ Kc5 57. h5 Rd4 58. Be3 Kd5
59. Bxd4 Kxd4 60. Nd7 Bd3+ 61. Kb6 Bf5 62. h6 Kd5 63. Nf8 Kd6 64. h7 Ke7 65.
h8=Q Bg4 66. Qg7+ Kd6 67. Qxg4 Ke7 68. Qg8 Kd6 69. a6 Ke5 70. a7 Kd4 71. a8=Q
Kd3 72. Qf3+ Kd4 73. Qgd5# 1-0

[Event "I Weekend Croce di Magara"]
[Site "Camigliatello - Spezzano della Sila ITA"]
[Date "2005.09.10"]
[Round "2"]
[White "Scalise, Sandro"]
[Black "Olivo, Paolo"]
[Result "1-0"]
[WhiteElo "1595"]
[BlackElo "1691"]
[PlyCount "79"]
[EventDate "2005.09.10"]

1. d4 Nf6 2. Nf3 g6 3. Bf4 d6 4. h3 Bg7 5. e3 O-O 6. c3 Nbd7 7. Nbd2 c5 8. Be2
a6 9. a4 Re8 10. O-O cxd4 11. exd4 Nd5 12. Bg5 h6 13. Qb3 hxg5 14. Qxd5 g4 15.
hxg4 Nf6 16. Qb3 Nxg4 17. Ng5 e6 18. f4 Ne3 19. Rf3 Nf5 20. Raf1 Bh6 21. g4 Nh4
22. Rh3 Bxg5 23. fxg5 Qxg5 24. Ne4 Qe7 25. Nf6+ Kf8 26. Rxh4 Rd8 27. Rh8+ Kg7
28. Rh7+ Kf8 29. Rxf7+ Qxf7 30. Nh7+ Kg7 31. Rxf7+ Kxf7 32. Ng5+ Ke7 33. Qb6
Bd7 34. d5 exd5 35. Qe3+ Kf6 36. Qf4+ Kg7 37. Qd4+ Kf8 38. Qf6+ Kg8 39. Qf7+
Kh8 40. Qh7# 1-0

[Event "I Weekend Croce di Magara"]
[Site "Camigliatello - Spezzano della Sila ITA"]
[Date "2005.09.10"]
[Round "2"]
[White "Sorrenti, Francesco"]
[Black "Tassone, Francesco"]
[Result "1-0"]
[WhiteElo "1962"]
[BlackElo "1511"]
[PlyCount "31"]
[EventDate "2005.09.10"]

1. e4 c6 2. d4 d5 3. exd5 cxd5 4. c4 Nf6 5. Nf3 Bg4 6. h3 Bh5 7. Nc3 e6 8. c5
b6 9. Bb5+ Ke7 10. Bf4 bxc5 11. dxc5 Qc8 12. b4 a6 13. Ba4 Nc6 14. a3 Bxf3 15.
Qxf3 g6 16. Bd6+ 1-0

[Event "I Weekend Croce di Magara"]
[Site "Camigliatello - Spezzano della Sila ITA"]
[Date "2005.09.10"]
[Round "2"]
[White "Trifoglio, Giovanni"]
[Black "Alo', Lucio"]
[Result "1-0"]
[WhiteElo "1862"]
[BlackElo "1589"]
[PlyCount "81"]
[EventDate "2005.09.10"]

1. e4 e5 2. Nf3 Nc6 3. d4 exd4 4. Bc4 Be7 5. Nxd4 Ne5 6. Bb3 d6 7. O-O Nf6 8.
Nc3 O-O 9. f4 Ned7 10. Bc4 a6 11. a4 c6 12. Qf3 Nb6 13. Bd3 Bg4 14. Qg3 Qd7 15.
h3 Be6 16. f5 Bc4 17. Bh6 Nh5 18. Qg4 Bf6 19. Nf3 Bxc3 20. bxc3 f6 21. Qxh5
gxh6 22. Rab1 Bxd3 23. cxd3 Nxa4 24. c4 Nc3 25. Rb3 Ne2+ 26. Kf2 Qg7 27. Kxe2
Qxg2+ 28. Rf2 Qg7 29. Rb1 Kh8 30. Rg1 Qc7 31. Qxh6 Rf7 32. Nh4 Rg8 33. Rxg8+
Kxg8 34. Rg2+ Rg7 35. Qxf6 Rxg2+ 36. Nxg2 Qa5 37. Qe6+ Kf8 38. f6 Qa2+ 39. Kf3
Qb1 40. Qe7+ Kg8 41. Qg7# 1-0

[Event "I Weekend Croce di Magara"]
[Site "Camigliatello - Spezzano della Sila ITA"]
[Date "2005.09.11"]
[Round "3"]
[White "Alo', Lucio"]
[Black "Rametta, Marcello"]
[Result "0-1"]
[WhiteElo "1589"]
[BlackElo "1762"]
[PlyCount "70"]
[EventDate "2005.09.10"]

1. Nf3 g6 2. d4 Bg7 3. Bf4 d6 4. e4 Nf6 5. Nc3 c6 6. Be2 O-O 7. O-O Nh5 8. Be3
f5 9. Bc4+ Kh8 10. e5 f4 11. Bd2 Bg4 12. exd6 exd6 13. h3 Bxf3 14. Qxf3 Bxd4
15. g4 fxg3 16. Qg4 gxf2+ 17. Kg2 Be5 18. Be6 Nf4+ 19. Bxf4 Rxf4 20. Qe2 Qf6
21. Bg4 Na6 22. Ne4 Qh4 23. Rxf2 Raf8 24. Raf1 Nc7 25. Rxf4 Rxf4 26. Rxf4 Bxf4
27. Qd3 Nd5 28. Kf3 Be5 29. Qb3 Qe1 30. Nf2 Nf4 31. Qc4 d5 32. Qb3 Qe2+ 33. Kg3
Nd3+ 34. Kg2 Qxf2+ 35. Kh1 Qh2# 0-1

[Event "I Weekend Croce di Magara"]
[Site "Camigliatello - Spezzano della Sila ITA"]
[Date "2005.09.11"]
[Round "3"]
[White "Barlotti, Gabriele"]
[Black "Sorrenti, Francesco"]
[Result "0-1"]
[WhiteElo "1658"]
[BlackElo "1962"]
[PlyCount "56"]
[EventDate "2005.09.10"]

1. d4 Nf6 2. c4 c5 3. d5 b5 4. cxb5 a6 5. e3 g6 6. Nc3 Bg7 7. Nf3 O-O 8. Be2 d6
9. O-O axb5 10. Bxb5 Qb6 11. Qc2 Bf5 12. Bd3 Bxd3 13. Qxd3 Nbd7 14. Re1 Ng4 15.
Qe2 Rfb8 16. Nd2 Ngf6 17. Nc4 Qa6 18. e4 Rb4 19. Nd2 Ne5 20. Qxa6 Rxa6 21. Re3
Nfd7 22. Nd1 Rd4 23. Nc3 Bh6 24. Re2 Nd3 25. Nb3 Nxc1 26. Nxc1 Ne5 27. Nb3 Rb4
28. Kf1 Rxb3 0-1

[Event "I Weekend Croce di Magara"]
[Site "Camigliatello - Spezzano della Sila ITA"]
[Date "2005.09.11"]
[Round "3"]
[White "Cordi', Domenico"]
[Black "Rosolia, Giuseppe"]
[Result "1/2-1/2"]
[WhiteElo "2086"]
[BlackElo "1829"]
[PlyCount "83"]
[EventDate "2005.09.10"]

1. e4 e5 2. Nf3 d6 3. d4 Nd7 4. Bc4 c6 5. O-O Be7 6. dxe5 dxe5 7. Ng5 Bxg5 8.
Qh5 Qe7 9. Bxg5 Ngf6 10. Qh4 O-O 11. Nd2 h6 12. Be3 b5 13. Be2 Nd5 14. Qxe7
Nxe7 15. a4 b4 16. Nb3 a5 17. Rad1 Nf6 18. f3 Ba6 19. Bxa6 Rxa6 20. Rd3 Ng6 21.
g3 c5 22. Bxc5 Rc8 23. Rfd1 Rc7 24. c3 bxc3 25. Rxc3 Nd7 26. Bd4 Rb7 27. Be3
Ngf8 28. Rdd3 Kh7 29. Rd2 Ne6 30. Kf2 Ra8 31. Nc1 Ng5 32. b3 Nf6 33. Bxg5 hxg5
34. Nd3 Rd7 35. Ke3 g4 36. f4 exf4+ 37. gxf4 Re8 38. Rc4 Nd5+ 39. Ke2 Nb6 40.
Rc6 Rxe4+ 41. Kd1 Nd5 42. Rc5 1/2-1/2

[Event "I Weekend Croce di Magara"]
[Site "Camigliatello - Spezzano della Sila ITA"]
[Date "2005.09.11"]
[Round "3"]
[White "Gad, Alessandro"]
[Black "Amodei, Diego"]
[Result "0-1"]
[WhiteElo "1437"]
[BlackElo "1655"]
[PlyCount "58"]
[EventDate "2005.09.10"]

1. d4 d5 2. c4 c6 3. Nc3 Nf6 4. c5 Bf5 5. Bf4 Nbd7 6. e3 e6 7. Bd3 Bxd3 8. Qxd3
Nh5 9. Nge2 Nxf4 10. Nxf4 Be7 11. O-O O-O 12. Nfe2 e5 13. f4 e4 14. Qd1 Nf6 15.
Ng3 Qd7 16. b4 Ng4 17. Re1 Bh4 18. Nce2 Nxe3 19. Qb3 Nf5 20. Red1 Nxg3 21. Nxg3
Qg4 22. Nh1 Qxf4 23. g3 Qg5 24. Rf1 Qg6 25. b5 Bd8 26. bxc6 Qxc6 27. Rf5 Bf6
28. Rxd5 Rad8 29. Rd6 Rxd6 0-1

[Event "I Weekend Croce di Magara"]
[Site "Camigliatello - Spezzano della Sila ITA"]
[Date "2005.09.11"]
[Round "3"]
[White "Gangemi, Salvatore"]
[Black "Trifoglio, Giovanni"]
[Result "1-0"]
[WhiteElo "2104"]
[BlackElo "1862"]
[PlyCount "73"]
[EventDate "2005.09.10"]

1. c4 Nf6 2. g3 g6 3. Bg2 Bg7 4. Nc3 d6 5. e4 e5 6. Nge2 Be6 7. d3 Qc8 8. h3 c5
9. Be3 Nc6 10. Nd5 O-O 11. Bg5 Bxd5 12. cxd5 Ne7 13. Qd2 Qd7 14. O-O Kh8 15.
Rac1 Nfg8 16. Be3 a5 17. f4 f6 18. Rf2 b5 19. Rcf1 b4 20. g4 Rac8 21. g5 fxg5
22. fxe5 Rxf2 23. Rxf2 Bxe5 24. d4 cxd4 25. Nxd4 Nf6 26. Bxg5 Rf8 27. Bf4 Qa7
28. Bxe5 dxe5 29. Ne6 Rf7 30. Kh2 Neg8 31. Kh1 Nh5 32. Rxf7 Qxf7 33. Kh2 h6 34.
d6 Ngf6 35. Nc5 Nd7 36. Nxd7 Qxd7 37. Qd5 1-0

[Event "I Weekend Croce di Magara"]
[Site "Camigliatello - Spezzano della Sila ITA"]
[Date "2005.09.11"]
[Round "3"]
[White "Guzzo, Giovanni"]
[Black "Scalise, Sandro"]
[Result "1-0"]
[WhiteElo "1801"]
[BlackElo "1595"]
[PlyCount "65"]
[EventDate "2005.09.10"]

1. Nf3 Nf6 2. g3 b6 3. Bg2 Bb7 4. d3 d5 5. O-O c5 6. Nbd2 Nc6 7. b3 e6 8. Bb2
Be7 9. c3 Qc7 10. e4 O-O-O 11. exd5 Rxd5 12. Qe2 Rhd8 13. d4 cxd4 14. cxd4 Kb8
15. Rfc1 Qd6 16. Nc4 Qb4 17. Qe3 R5d7 18. Nfe5 Nxe5 19. Nxe5 Rc7 20. Bxb7 Kxb7
21. Nxf7 Rdd7 22. Qxe6 Qd2 23. Rab1 Bb4 24. Rxc7+ Rxc7 25. Nd8+ Ka8 26. Qf5 Qe2
27. a3 Be7 28. Ne6 Rc2 29. Nxg7 a5 30. Ba1 Ng4 31. Rf1 Ne3 32. Qe4+ Ka7 33.
Qxe3 1-0

[Event "I Weekend Croce di Magara"]
[Site "Camigliatello - Spezzano della Sila ITA"]
[Date "2005.09.11"]
[Round "3"]
[White "Iannicella, Simone"]
[Black "Gad, Ahmad"]
[Result "0-1"]
[WhiteElo "1458"]
[BlackElo "1682"]
[PlyCount "62"]
[EventDate "2005.09.10"]

1. e4 c5 2. Nf3 e6 3. d4 cxd4 4. Nxd4 Nf6 5. Nc3 Bb4 6. Qd3 Bxc3+ 7. Qxc3 Nxe4
8. Qe3 Nf6 9. Nf5 Qa5+ 10. Bd2 Qxf5 11. O-O-O O-O 12. Bd3 Qh5 13. Be2 Qh6 14.
Qc3 Ne4 15. Qd4 Nxd2 16. Rxd2 d5 17. h4 Nc6 18. Qc3 e5 19. g4 Qf4 20. Qh3 Nd4
21. Qf1 Nxe2+ 22. Qxe2 Bxg4 23. Qf1 e4 24. c3 d4 25. cxd4 Rac8+ 26. Kb1 Qxd2
27. a3 Rc2 28. Qc1 Rxc1+ 29. Rxc1 Qd3+ 30. Ka1 Be6 31. Rb1 Qb3 0-1

[Event "I Weekend Croce di Magara"]
[Site "Camigliatello - Spezzano della Sila ITA"]
[Date "2005.09.11"]
[Round "3"]
[White "Ielapi, Gianbattista"]
[Black "De Marco, Francesco"]
[Result "0-1"]
[WhiteElo "1599"]
[BlackElo "1803"]
[PlyCount "94"]
[EventDate "2005.09.10"]

1. e4 c5 2. Nf3 d6 3. d4 cxd4 4. Nxd4 Nf6 5. Nc3 a6 6. Bg5 e6 7. f4 h6 8. Bh4
Nbd7 9. Qd2 Be7 10. O-O-O Qa5 11. Nb3 Qc7 12. Be2 b5 13. Bf3 Bb7 14. Rhe1 Rd8
15. f5 e5 16. Re3 Bc6 17. Rd3 b4 18. Nd5 Nxd5 19. exd5 Bxh4 20. dxc6 Bg5 21.
cxd7+ Rxd7 22. Re3 a5 23. Kb1 O-O 24. h4 Bxe3 25. Qxe3 Rc8 26. Rc1 f6 27. Bd5+
Kh8 28. Be6 Rcd8 29. Bxd7 Rxd7 30. c3 a4 31. cxb4 Qb7 32. Na5 Qxb4 33. Qc3 Qb5
34. Qc8+ Kh7 35. Nc4 d5 36. Na3 Qd3+ 37. Ka1 Qxf5 38. Qc2 e4 39. Qxa4 d4 40.
Qb5 Rd5 41. Qf1 Qh5 42. Qf2 e3 43. Qf3 Qxf3 44. gxf3 d3 45. Nc4 Rc5 46. b3 Rxc4
47. bxc4 d2 0-1

[Event "I Weekend Croce di Magara"]
[Site "Camigliatello - Spezzano della Sila ITA"]
[Date "2005.09.11"]
[Round "3"]
[White "Ielapi, Vito"]
[Black "Parrotta, Daniele"]
[Result "1/2-1/2"]
[WhiteElo "1971"]
[BlackElo "2159"]
[PlyCount "78"]
[EventDate "2005.09.10"]

1. c4 c5 2. Nf3 Nf6 3. Nc3 Nc6 4. d4 cxd4 5. Nxd4 g6 6. e4 d6 7. Be2 Qa5 8. O-O
Nxd4 9. Qxd4 Bg7 10. Bd2 Qc5 11. Qd3 O-O 12. Rab1 Be6 13. Be3 Qc6 14. f3 Rfc8
15. b3 a6 16. a4 Nd7 17. Rfc1 Nc5 18. Qd1 b6 19. Na2 f5 20. Nb4 Qb7 21. Nd5
Bxd5 22. exd5 Qd7 23. Rc2 e5 24. dxe6 Qxe6 25. Bf2 Kh8 26. Rd2 Be5 27. Bf1 Rab8
28. Rd5 Qf6 29. Qe2 Ne6 30. g3 f4 31. g4 Nc7 32. Rdd1 b5 33. cxb5 axb5 34. a5
Ne6 35. a6 b4 36. a7 Ra8 37. Rdc1 Nc5 38. Qb5 Rxa7 39. Qxb4 Ra2 1/2-1/2

[Event "I Weekend Croce di Magara"]
[Site "Camigliatello - Spezzano della Sila ITA"]
[Date "2005.09.11"]
[Round "3"]
[White "Ljubisavljevic, Zivojin Z."]
[Black "Grande, Pasquale"]
[Result "1-0"]
[WhiteElo "2261"]
[BlackElo "2085"]
[PlyCount "53"]
[EventDate "2005.09.10"]

1. b3 e5 2. Bb2 Nc6 3. e3 d5 4. Bb5 f6 5. d4 e4 6. c4 Bb4+ 7. Kf1 a6 8. Bxc6+
bxc6 9. c5 a5 10. a3 Ba6+ 11. Ne2 f5 12. axb4 Nh6 13. Rxa5 O-O 14. Nbc3 f4 15.
exf4 Ng4 16. b5 Qh4 17. Qe1 Bxb5 18. Rxa8 Rxa8 19. Nxb5 cxb5 20. h3 Ra2 21. Bc1
Ra1 22. g3 Qh5 23. Kg2 Nf6 24. g4 Nxg4 25. Ng3 Qh4 26. hxg4 Qxg4 27. Qd1 1-0

[Event "I Weekend Croce di Magara"]
[Site "Camigliatello - Spezzano della Sila ITA"]
[Date "2005.09.11"]
[Round "3"]
[White "Marincolo, Piercarlo"]
[Black "Paletta, Giuseppe"]
[Result "1-0"]
[WhiteElo "1640"]
[BlackElo "1715"]
[PlyCount "89"]
[EventDate "2005.09.10"]

1. e4 d6 2. d4 Nf6 3. Nc3 c6 4. f3 e6 5. Be3 Be7 6. Bd3 Qa5 7. Nge2 d5 8. e5
Nfd7 9. O-O c5 10. Ng3 g6 11. Nb5 cxd4 12. Bxd4 Bc5 13. Bxc5 Nxc5 14. Nd6+ Ke7
15. Nxc8+ Rxc8 16. Kh1 Nc6 17. f4 Nxd3 18. Qxd3 Nb4 19. Qb3 Nxc2 20. Qxb7+ Kf8
21. Rac1 Rab8 22. Qd7 Rd8 23. Qc6 Rbc8 24. Qb7 Rb8 25. Qc6 Rbc8 26. Qb7 Qxa2
27. Rf2 Rb8 28. Qc6 Rbc8 29. Qb7 Rb8 30. Qc6 Rbc8 31. Qb7 Qa5 32. h3 Rc7 33.
Qb3 Nd4 34. Qd1 Rxc1 35. Qxc1 Nb3 36. Qe3 Rb8 37. Kh2 Qb6 38. Qe2 Nc1 39. Qc2
Qe3 40. Rf3 Qb6 41. Qxc1 a5 42. Qc2 Qxb2 43. Qxb2 Rxb2 44. Ra3 Rb4 45. Ne2 1-0

[Event "I Weekend Croce di Magara"]
[Site "Camigliatello - Spezzano della Sila ITA"]
[Date "2005.09.11"]
[Round "3"]
[White "Piccoli, Vincenzo"]
[Black "Olivo, Paolo"]
[Result "0-1"]
[WhiteElo "1655"]
[BlackElo "1691"]
[PlyCount "56"]
[EventDate "2005.09.10"]

1. d4 Nf6 2. c4 g6 3. Nc3 d5 4. e3 Bg7 5. Nf3 O-O 6. Be2 Nbd7 7. O-O c6 8. c5
b6 9. cxb6 axb6 10. Bd2 Re8 11. Rc1 e5 12. Qb3 exd4 13. exd4 Nf8 14. Ne5 Bb7
15. Na4 Ne4 16. Bf4 Ne6 17. Be3 Bxe5 18. dxe5 d4 19. f3 N4c5 20. Nxc5 Nxc5 21.
Rxc5 bxc5 22. Qxb7 dxe3 23. Bc4 Re7 24. Qxc6 Rxe5 25. f4 Rc8 26. Bxf7+ Kg7 27.
Qxc8 Qxc8 28. fxe5 e2 0-1

[Event "I Weekend Croce di Magara"]
[Site "Camigliatello - Spezzano della Sila ITA"]
[Date "2005.09.11"]
[Round "3"]
[White "Rizzuti, Pasquale"]
[Black "Armentano, Alessio"]
[Result "1/2-1/2"]
[WhiteElo "1874"]
[BlackElo "2092"]
[PlyCount "77"]
[EventDate "2005.09.10"]

1. Nf3 Nf6 2. c4 e6 3. g3 d5 4. Bg2 dxc4 5. O-O c6 6. a4 b6 7. Qc2 Bd6 8. Re1
Bb7 9. e4 e5 10. Qxc4 c5 11. b4 O-O 12. b5 a6 13. Bb2 axb5 14. axb5 Rxa1 15.
Bxa1 Nbd7 16. Nc3 h6 17. Bb2 Re8 18. d3 Bb8 19. Nh4 Nf8 20. Bh3 g6 21. Ng2 Qd4
22. Ne3 Qxc4 23. Nxc4 Rd8 24. Bf1 Bc7 25. f3 Ne6 26. Ra1 Ra8 27. Rxa8+ Bxa8 28.
Kf2 Kf8 29. Nd5 Nxd5 30. exd5 Bxd5 31. Nxe5 Nd4 32. Bxd4 cxd4 33. Nc6 Bxc6 34.
bxc6 Ke7 35. f4 Kd6 36. Bg2 Kc5 37. h3 b5 38. Ke2 Kb4 39. Kd2 1/2-1/2

[Event "I Weekend Croce di Magara"]
[Site "Camigliatello - Spezzano della Sila ITA"]
[Date "2005.09.11"]
[Round "3"]
[White "Romeo, Myriam"]
[Black "Levato, Biagio"]
[Result "0-1"]
[WhiteElo "1476"]
[BlackElo "1480"]
[PlyCount "140"]
[EventDate "2005.09.10"]

1. e4 c5 2. Nf3 Nc6 3. Bc4 e6 4. Nc3 a6 5. d3 Qc7 6. O-O Nf6 7. a3 Bd6 8. Bg5
b6 9. Bxf6 gxf6 10. Qd2 Bf4 11. Qd1 Bb7 12. b4 cxb4 13. axb4 b5 14. Bb3 Nxb4
15. Qe1 O-O-O 16. Ne2 Bd6 17. Rc1 Kb8 18. Qd2 h5 19. c3 Nc6 20. c4 Ne5 21. Qe3
Nxf3+ 22. Qxf3 f5 23. cxb5 Qb6 24. Ba4 axb5 25. Bb3 fxe4 26. dxe4 f5 27. Qe3
Qxe3 28. fxe3 Bxe4 29. Rfd1 Bc7 30. Rc5 Rdg8 31. Rxd7 Rxg2+ 32. Kf1 Rc8 33. Rd1
Rxh2 34. Rxb5+ Bb7 35. Rd4 Rh1+ 36. Ng1 Rg8 37. Ke2 Rg2+ 38. Kd3 Rhh2 39. Nf3
Rh3 40. Bxe6 Rxf3 41. Bd5 Rgg3 42. Rxb7+ Kc8 43. Bxf3 Rxf3 44. Ra7 Bb6 45. Rc4+
Kb8 46. Re7 h4 47. Re8+ Kb7 48. Rcc8 h3 49. Rb8+ Kc7 50. Ra8 h2 51. Ra1 f4 52.
Ke2 Rg3 53. exf4 Rg1 54. Rea8 h1=Q 55. Rxg1 Qxg1 56. Ra3 Qg2+ 57. Kd1 Qg4+ 58.
Kc2 Qxf4 59. Rc3+ Kb7 60. Kb1 Qd2 61. Rc2 Qd3 62. Kc1 Bd4 63. Rd2 Be3 64. Kb2
Qxd2+ 65. Kb3 Qd4 66. Ka3 Kb6 67. Ka2 Bc1 68. Kb3 Kb5 69. Ka2 Kb4 70. Kb1 Qb2#
0-1

[Event "I Weekend Croce di Magara"]
[Site "Camigliatello - Spezzano della Sila ITA"]
[Date "2005.09.11"]
[Round "4"]
[White "Amodei, Diego"]
[Black "Scalise, Sandro"]
[Result "1-0"]
[WhiteElo "1655"]
[BlackElo "1595"]
[PlyCount "109"]
[EventDate "2005.09.10"]

1. d4 Nf6 2. c4 e6 3. Nc3 Bb4 4. Nf3 O-O 5. Qd3 Bxc3+ 6. bxc3 b6 7. e4 d5 8.
cxd5 Ba6 9. Qc2 Bxf1 10. Kxf1 exd5 11. e5 Ne4 12. Nd2 f5 13. Nxe4 fxe4 14. h4
Qd7 15. Qe2 Nc6 16. Ba3 Rf4 17. Kg1 Na5 18. Re1 c5 19. Bc1 Rg4 20. Rh3 Rf8 21.
Kh1 Nc6 22. Be3 c4 23. Rf1 Qf5 24. Kh2 Ne7 25. h5 g5 26. f3 Rh4 27. Rxh4 gxh4
28. Bh6 Rf7 29. f4 Qe6 30. Bg5 Nf5 31. Qg4 Rg7 32. Qh3 Qf7 33. Bf6 Ng3 34. Qc8+
Qf8 35. Qxf8+ Kxf8 36. Bxg7+ Kxg7 37. Re1 Nxh5 38. f5 Ng3 39. f6+ Kf7 40. Kh3
Nf5 41. Rf1 Nh6 42. Kxh4 Ke6 43. g4 b5 44. a3 a5 45. Rb1 Nf7 46. Rxb5 e3 47.
Rb2 h6 48. Re2 Ng5 49. Rxe3 Ne4 50. Kh5 Ng5 51. Kxh6 Nf7+ 52. Kg7 a4 53. Rg3
Ng5 54. Kg6 Nf7 55. Rh3 1-0

[Event "I Weekend Croce di Magara"]
[Site "Camigliatello - Spezzano della Sila ITA"]
[Date "2005.09.11"]
[Round "4"]
[White "Armentano, Alessio"]
[Black "Cordi', Domenico"]
[Result "1-0"]
[WhiteElo "2092"]
[BlackElo "2086"]
[PlyCount "37"]
[EventDate "2005.09.10"]

1. e4 Nf6 2. e5 Nd5 3. d4 d6 4. Nf3 Bg4 5. Be2 e6 6. O-O Be7 7. c4 Nb6 8. b3
O-O 9. Bb2 Nc6 10. Nbd2 a5 11. a3 Qd7 12. Qc2 Bf5 13. Qc3 dxe5 14. Nxe5 Nxe5
15. dxe5 c6 16. Rad1 Qc7 17. Qe3 Nd7 18. Nf3 Rad8 19. Rd2 1-0

[Event "I Weekend Croce di Magara"]
[Site "Camigliatello - Spezzano della Sila ITA"]
[Date "2005.09.11"]
[Round "4"]
[White "De Marco, Francesco"]
[Black "Gad, Ahmad"]
[Result "0-1"]
[WhiteElo "1803"]
[BlackElo "1682"]
[PlyCount "46"]
[EventDate "2005.09.10"]

1. e4 c5 2. Nf3 d6 3. d4 cxd4 4. Nxd4 Nf6 5. Nc3 g6 6. Be2 Bg7 7. Be3 O-O 8. f3
Nc6 9. Qd2 Bd7 10. g4 Rc8 11. h4 Ne5 12. h5 Nc4 13. Bxc4 Rxc4 14. hxg6 fxg6 15.
g5 Nh5 16. Nf5 Rxc3 17. bxc3 Bxf5 18. exf5 Rxf5 19. f4 Qa5 20. Bd4 Rxf4 21.
Bxg7 Kxg7 22. Rb1 Qf5 23. Rxb7 Re4+ 0-1

[Event "I Weekend Croce di Magara"]
[Site "Camigliatello - Spezzano della Sila ITA"]
[Date "2005.09.11"]
[Round "4"]
[White "Grande, Pasquale"]
[Black "Guzzo, Giovanni"]
[Result "1-0"]
[WhiteElo "2085"]
[BlackElo "1801"]
[PlyCount "37"]
[EventDate "2005.09.10"]

1. e4 d6 2. d4 g6 3. Be3 Bg7 4. Qd2 Nc6 5. Nc3 a6 6. Nge2 e5 7. d5 Nce7 8.
O-O-O f5 9. f4 fxe4 10. fxe5 Nf5 11. e6 Nxe3 12. Qxe3 Bh6 13. Nf4 g5 14. Nh5 g4
15. Nf4 Qg5 16. g3 Nf6 17. Nxe4 Nxd5 18. Rxd5 Qxd5 19. Nf6+ 1-0

[Event "I Weekend Croce di Magara"]
[Site "Camigliatello - Spezzano della Sila ITA"]
[Date "2005.09.11"]
[Round "4"]
[White "Levato, Biagio"]
[Black "Crivella, Manuel"]
[Result "1-0"]
[WhiteElo "1480"]
[BlackElo "1443"]
[PlyCount "33"]
[EventDate "2005.09.10"]

1. Nf3 c6 2. g3 d5 3. Bg2 Be6 4. O-O Nf6 5. d3 g6 6. Nbd2 Qd7 7. e4 Bg7 8. Re1
Nh5 9. Ng5 Bg4 10. f3 Be6 11. Nxe6 fxe6 12. e5 d4 13. Nb3 Qd5 14. g4 Bxe5 15.
gxh5 gxh5 16. Qe2 Nd7 17. f4 1-0

[Event "I Weekend Croce di Magara"]
[Site "Camigliatello - Spezzano della Sila ITA"]
[Date "2005.09.11"]
[Round "4"]
[White "Olivo, Paolo"]
[Black "Iannicella, Simone"]
[Result "1-0"]
[WhiteElo "1691"]
[BlackElo "1458"]
[PlyCount "49"]
[EventDate "2005.09.10"]

1. d4 d5 2. c4 c6 3. Nc3 Nf6 4. Bg5 e6 5. e4 dxe4 6. Nxe4 Nbd7 7. a3 h6 8.
Nxf6+ Nxf6 9. Bh4 Be7 10. Nf3 O-O 11. Bd3 c5 12. dxc5 Bxc5 13. O-O Re8 14. Qc2
b6 15. Rad1 Qe7 16. Rfe1 Bd6 17. Be4 Rb8 18. Bxf6 gxf6 19. Qd2 Rd8 20. Qxh6 Qc7
21. Qxf6 Bb7 22. Ng5 Bxh2+ 23. Kh1 Be5 24. Bh7+ Kf8 25. Nxe6+ 1-0